000 00363nam a2200145Ia 4500
008 230917s9999||||xx |||||||||||||| ||und||
040 _e61904
_aMAIN
041 _aEnglish
082 _a330.954 R14G
100 _aRam Swarup
245 0 _aGandhian economic: a supporting technoloogy
260 _aNew Delhi
_bRam Swarup
_c1977
300 _a32 p.
942 _cBK
999 _c183976
_d183976